Statistics for Gemstones by Pictures Quiz

Click here to take the quiz!

General Stats

  • This quiz has been taken 223 times
  • The average score is 11 of 16

Answer Stats

Answer% Correct
Ruby
97%
Amethyst
92%
Sapphire
92%
Emerald
87%
Amber
83%
Diamond
83%
Pearl
83%
Opal
64%
Jade
59%
Lapis Lazuli
59%
Aquamarine
57%
Garnet
57%
Turquoise
50%
Topaz
49%
Peridot
44%
Jet
15%

Score Distribution

Percentile by Number Answered

Percent of People with Each Score

Your Score History

You have not taken this quiz